000 00760cab a2200253 4500
001 ABS68811
008 050308n2005 000 0 eng u
035 _a(Sirsi) u128986
245 _aFocus 1: MIPIM, France and Benelux
260 _c2005
490 _aEstates Gazette
_v(0509) 5 March 2005, 95-115(14)
520 _aIncludes reports on the annual MIPIM Architectural Review Future Projects Awards.
590 _aABS
650 _aMIPIM
650 _aFRANCE
650 _aBENELUX
650 _aBRUSSELS
650 _aPROPERTY-COMMERCIAL PROPERTY-OFFICE PROPERTY-OFFICE PROPERTY MARKET
650 _aPARIS
650 _aAMSTERDAM
650 _aNETHERLANDS
690 _aPROPERTY-COMMERCIAL PROPERTY-COMMERCIAL PROPERTY MARKET
942 _n0
999 _c74889
_d74889